Catalog

Record Details

Catalog Search



Reality and illusion in New Testament scholarship : a primer in critical realist hermeneutics  Cover Image Book Book

Reality and illusion in New Testament scholarship : a primer in critical realist hermeneutics / Ben F. Meyer

Record details

  • ISBN: 0-8146-5771-0
  • Physical Description: xi, 244 s. ; 22 cm
  • Publisher: Collegeville : Liturgical Press, c1994

Content descriptions

Bibliography, etc. Note:
Obsahuje bibliografii a rejstřík
Subject: Nový zákon
biblická hermeneutika
biblická teologie
metody biblistiky

Available copies

  • 2 of 2 copies available at Common Catalog SPOK.

Holds

  • 0 current holds with 2 total copies.
Show Only Available Copies
Location Call Number / Copy Notes Barcode Shelving Location Status Due Date
ETS Library 225.601 424470013178 Volný výběr Available -
Jabok Library BI-4.4 424480037889 Odborná literatura Available -

LDR 01037cam a22003257a 4500
00117310
003CZ-PrJAB
00520200403092124.0
007ta
008941101s1994 xxu b 001 0 eng u
020 . ‡a0-8146-5771-0 ‡q(brož.)
035 . ‡a(CZ PrSKC)000589256
040 . ‡aCaQQLA ‡bcze ‡dABD027 ‡91
1001 . ‡aMeyer, Ben F., ‡d1927- ‡7uk2005305170
24510. ‡aReality and illusion in New Testament scholarship : ‡ba primer in critical realist hermeneutics / ‡cBen F. Meyer
260 . ‡aCollegeville : ‡bLiturgical Press, ‡cc1994
300 . ‡axi, 244 s. ; ‡c22 cm
4901 . ‡aA Michael Glazier book
504 . ‡aObsahuje bibliografii a rejstřík
65007. ‡aNový zákon ‡2ctt
65007. ‡abiblická hermeneutika ‡2ctt
65007. ‡abiblická teologie ‡2ctt
65007. ‡ametody biblistiky ‡2ctt
830 2. ‡aA Michael Glazier book
910 . ‡aABG312
910 . ‡aABG450
901 . ‡a17310 ‡bCZ-PrJAB ‡c17310 ‡tbiblio

Additional Resources